00610nam a22001097a 4500040000800000082002700008100004400035245028600079260002600365300002800391856008100419 cRUA aVEM MOE 2015 B525 Or.1 aMOEUN KUNVOU; មឿន គុណវូ aSurvey on infectous diseases of cattle at khos thom district, kandal province; ការអង្កេតឆ្លងជំងឺសំខាន់ៗដែលជួបប្រទះលើគោនៅក្នុងស្រុកកោះធំ ខេត្តកណ្តាល aPhnom PenhbRUAc2015 aviii; 43p;bill;c29cm; uSURVEY ON INFECTOUS DISEASE OF CATTLE AT KHOS THOM DISTRIC, KANDAL PROVINCE